Fuzzy Sets and Fuzzy Logic: Theory and Applications (Record no. 2751)

MARC details
000 -LEADER
fixed length control field 00340nam a2200133Ia 4500
008 - FIXED-LENGTH DATA ELEMENTS--GENERAL INFORMATION
fixed length control field 191201s2006 xx 000 0 und d
082 ## - DEWEY DECIMAL CLASSIFICATION NUMBER
Classification number 005.131
Item number KHF
100 ## - MAIN ENTRY--PERSONAL NAME
Personal name KLIR, George J
245 #0 - TITLE STATEMENT
Title Fuzzy Sets and Fuzzy Logic: Theory and Applications
260 ## - PUBLICATION, DISTRIBUTION, ETC. (IMPRINT)
Place of publication, distribution, etc N.Delhi
Name of publisher, distributor, etc PHI
Date of publication, distribution, etc 2006
300 ## - PHYSICAL DESCRIPTION
Extent 574
650 ## - SUBJECT ADDED ENTRY--TOPICAL TERM
Topical term or geographic name as entry element B.Tech(IT)
942 ## - ADDED ENTRY ELEMENTS (KOHA)
Source of classification or shelving scheme Dewey Decimal Classification
Koha item type Text Books
Holdings
Withdrawn status Lost status Source of classification or shelving scheme Damaged status Not for loan Collection code Home library Current library Date acquired Source of acquisition Cost, normal purchase price Bill Number Total Checkouts Full call number Acc. no. / Barcode Date last seen Bill Date Koha item type Date last borrowed Checked out
    Dewey Decimal Classification     B.Tech(IT) PIET C-LIBRARY PIET C-LIBRARY 13/08/2007 J B C, New Delhi 295.00 696   005.131 KLF 5971 04/12/2019 27/07/2007 Text Books    
    Dewey Decimal Classification     B.Tech(IT) PIET C-LIBRARY PIET C-LIBRARY 13/08/2007 J B C, New Delhi 295.00 696 2 005.131 KLF 5972 30/04/2025 27/07/2007 Text Books 08/02/2025  
    Dewey Decimal Classification     Computer Science and Engineering in AI & Machine Learning PIET C-LIBRARY PIET C-LIBRARY 13/08/2007 J B C, New Delhi 295.00 696 1 005.131 KLF 5973 25/11/2023 27/07/2007 Text Books 25/11/2023 23/05/2024
    Dewey Decimal Classification     Computer Science and Engineering in AI & Machine Learning PIET C-LIBRARY PIET C-LIBRARY 13/08/2007 J B C, New Delhi 295.00 696   005.131 KLF 5974 04/12/2019 27/07/2007 Text Books    

Design & Developed by: PIET Central Library
R70 Miles Stone Pattikalyana Samalkha Panipat 132102
mail ID :- [email protected], Phone No:- 0180-2569700 Ex.216